000 00295nam a22001337a 4500
008 170713b xxu||||| |||| 00| 0 eng d
020 _a0534072909
041 _aeng
080 _25TH
_a101
100 _a24
101 _aFIL
245 _aINVITATION TO PHILOSOPHY
_cHUNT,TH.C
942 _2udc
_cBK
999 _c20652
_d20652